| 000 | 00537nam a22001937a 4500 | ||
|---|---|---|---|
| 001 | BT-PhCST | ||
| 003 | BT-PhCST | ||
| 005 | 20190204172442.0 | ||
| 008 | 170404b xxu||||| |||| 00| 0 eng d | ||
| 020 | _a9780807615430 | ||
| 040 |
_aBT-PhCST _cBT-PhCST _dBT-PhCST |
||
| 050 | _a19660-19661 | ||
| 082 |
_222 _a727.092 |
||
| 100 | _aLeslie, Thomas and Kahn, Louis L | ||
| 245 | _aBuilding art, Building science / | ||
| 260 |
_aUSA, _bGeorge Braziller Publication, _cc2005. |
||
| 300 |
_aill. ; _bxi, 274 p. ; _c22.5 cm. |
||
| 942 |
_2ddc _cAE |
||
| 999 |
_c6698 _d6698 |
||